Every LEGO Speed Champions Set - Statistics

General Stats
  • This quiz has been taken 4 times
  • The average score is 3 of 87
Answer Stats
Year Set # Set Name % Correct
2021 76904 Mopar Dodge /SRT Top Fuel Dragster and 1970 Dodge Challenger T/A
100%
2023 76914 Ferrari 812 Competizione
50%
2020 76895 Ferrari F8 Tributo
50%
2023 76915 Pagani Utopia
50%
2022 76911 007 Aston Martin DB5
0%
2019 75894 1967 Mini Cooper S Rally and 2018 MINI John Cooper Works Buggy
0%
2018 75884 1968 Ford Mustang Fastback
0%
2022 76906 1970 Ferrari 512 M
0%
2019 75895 1974 Porsche 911 Turbo 3.0
0%
2020 76897 1985 Audi Sport quattro S1
0%
2017 75881 2016 Ford GT & 1966 Ford GT40
0%
2019 75893 2018 Dodge Challenger SRT & 1970 Dodge Charger R/T
0%
2024 76919 2023 McLaren Formula 1 Car
0%
2025 77241 2 Fast 2 Furious Honda S2000
0%
2023 76917 2 Fast 2 Furious Nissan Skyline GT-R (R34)
0%
2015 75908 458 Italia GT2
0%
2026 77252 APXGP Team Race Car
0%
2025 77245 Aston Martin Aramco F1 AMR24
0%
2022 76910 Aston Martin Valkyrie AMR Pro and Aston Martin Vantage GT3
0%
2024 76925 Aston Martin Vantage Safety Car & AMR23
0%
2016 75872 Audi R18 e-tron quattro
0%
2016 75873 Audi R8 LMS ultra
0%
2024 76921 Audi S1 e-tron quattro
0%
2024 76922 BMW M4 GT3 & BMW M Hybrid V8
0%
2017 75878 Bugatti Chiron
0%
2025 77240 Bugatti Cientodieci
0%
2026 77253 Bugatti Vision Gran Turismo
0%
2025 77248 BWT Alpine F1 Team A524
0%
2016 75874 Chevrolet Camaro Drag Race
0%
2019 75891 Chevrolet Camaro ZL1 Race Car
0%
2021 76903 Chevrolet Corvette C8.R Race Car and 1968 Chevrolet Corvette
0%
2016 75870 Chevrolet Corvette Z06
0%
2025 77237 Dodge Challenger SRT Hellcat
0%
2015 75913 F14 T & Scuderia Ferrari Truck
0%
2026 75258 F1 ACADEMY LEGO Race Car
0%
2022 76912 Fast & Furious 1970 Dodge Charger R/T
0%
2018 75886 Ferrari 488 GT3 Scuderia Corsa
0%
2024 76934 Ferrari F40
0%
2019 75890 Ferrari F40 Competizione
0%
2017 75882 Ferrari FXX K & Development Centre
0%
2025 77242 Ferrari SF-24
0%
2026 77254 Ferrari SF90 XX Stradale
0%
2018 75889 Ferrari Ultimate Garage
0%
2016 75875 Ford F-150 Raptor & Ford Model A Hot Rod
0%
2018 75885 Ford Fiesta M-sport WRC
0%
2021 76905 Ford GT Heritage Edition and Bronco R
0%
2024 76920 Ford Mustang Dark Horse
0%
2016 75871 Ford Mustang GT
0%
2020 76898 Formula E Panasonic Jaguar Racing GEN2 Car & Jaguar I-PACE eTROPHY
0%
2025 77247 KICK Sauber F1 Team C44
0%
2021 76900 Koenigsegg Jesko
0%
2015 75899 LaFerrari
0%
2022 76908 Lamborghini Countach
0%
2024 76923 Lamborghini Lambo V12 Vision Gran Turismo
0%
2025 77238 Lamborghini Revuelto & Lamborghini Huracán STO
0%
2020 76899 Lamborghini Urus ST-X & Huracán Super Trofeo EVO
0%
2026 77255 Lightning McQueen
0%
2022 76907 Lotus Evija
0%
2017 75880 McLaren 720S
0%
2021 76902 McLaren Elva
0%
2025 77251 McLaren F1 Team MCL38
0%
2015 75911 McLaren Mercedes Pit Stop
0%
2015 75909 McLaren P1
0%
2019 75892 McLaren Senna
0%
2023 76918 McLaren Solus GT & McLaren F1 LM
0%
2026 75257 McLaren W1
0%
2022 76909 Mercedes-AMG F1 W12 E Performance & Mercedes-AMG Project One
0%
2024 76924 Mercedes-AMG G 63 & Mercedes-AMG SL 63
0%
2017 75877 Mercedes-AMG GT3
0%
2025 77244 Mercedes-AMG PETRONAS F1 Team W15 E Performance
0%
2017 75883 Mercedes AMG Petronas Formula One Team
0%
2025 77250 MoneyGram Haas F1 Team VF-24
0%
2024 76935 NASCAR Next Gen Chevrolet Camaro ZL1
0%
2020 76896 Nisman GT-R NISMO
0%
2025 77243 Oracle Red Bull Racing RB20
0%
2025 77239 Porsche 911 GT3 RS
0%
2015 75912 Porsche 911 GT Finish Line
0%
2018 75888 Porsche 911 RSR & 911 Turbo 3.0
0%
2023 76916 Porsche 913
0%
2015 75910 Porsche 918 Spyder
0%
2018 75887 Porsche 919 Hybrid
0%
2016 75876 Porshce 919 Hybrid & 917K Pit Lane
0%
2017 75879 Scuderia Ferrari SF16-H
0%
2026 75256 Time Machine from Back to the Future
0%
2021 76901 Toyota GR Supra
0%
2025 77246 Visa Cash App VCARB 01
0%
2025 77249 Williams Racing FW46
0%
No matching quizzes found
Score Distribution
Percent of People with Each Score
Percentile by Number Answered
Your Score History
You have not taken this quiz